01032 2200337 4500001002100000005001500021035002000036007000300056040001700059100004300076245011800119250001200237300003500249020002200284041000800306082001000314084001600324090001600340264003400356336002100390337003000411338002300441500002900464650001600493700004300509700004300552850001000595008004100605990002400646990002400670INLIS00000000000988820260413100746 a0010-0123000215ta aSBPUPADbind0 aAstri Damayanti, Haziah AnsePengarang1 aFun Origami :bSeratus Kreasi Origami untuk Anak. /cPengarang ke-1; Astri Damayanti, Editor; Sisilia Triana Dewi aCet. 10 avi, 130 hlm. :bilus. ;c28 cm a978-979-29-4357-307aind a371.1 a371.1 AST f a371.1 AST f aYogyakarta; :bRainbow,c2015 2rdacontentaTeks 2rdamediaatanpa perantara 2rdacarrieravolume aTentang Penulis, hlm 130 4aKreativitas0 aPengarang ke-2, Haziah AnzePengarang aEditor, Sisilia Triana DewiePengarang aPUPAD260413 0  a33.341/DAK/DPK/2019 a33.339/DAK/DPK/2019